• 首页
  • 本馆介绍
  • 公告通知
  • 最新文献
  • 馆藏检索
  • 电子资源
  • 读者导购
  • 参考咨询
  • 我的图书馆
  • 登录
  • 详细信息显示
  • 放入我的书架
  • 预约/预借图书
  • 作者相关作品
  • 分类相关作品
  • 丛书相关作品
  • 出版社相关作品

书目信息

  • 表格格式
  • 工作单格式
  • 卡片格式
题名:
改了吧, 急性子
    
 
作者: 墨非 著
分册:  
出版信息: 北京   中国华侨出版社  2019.06
页数: 259页
开本: 24cm
丛书名:
单 册:
中图分类: B848.6-49
科图分类:
主题词: 性格--xing ge--通俗读物
电子资源:
ISBN: 978-7-5113-7834-7
000 00870nam0 2200241 450
001 012001000918
005 20141202093556.0
010    @a978-7-5113-7834-7@dCNY39.80
099    @aCAL 012019094711
100    @a20220905d2019 em y0chiy50 ea
101 0  @achi
102    @aCN@b110000
105    @ay z 000yy
106    @ar
200 1  @a改了吧, 急性子@Agai le ba , ji xing zi@f墨非著
210    @a北京@c中国华侨出版社@d2019.06
215    @a259页@d24cm
330    @a本书通过剖析当下社会人们的心理,分析急性子的产生原因,并阐述急性子的表现,点明急性子对自己、他们乃至社会造成的伤害,今儿敦促人们改掉急性子并就如何改掉急性子,提出了可行性建议,读者通过阅读此书,找到合适自己的调整和控制的方法。
606 0  @a性格@Axing ge@j通俗读物
690    @aB848.6-49@v5
701  0 @a墨非@Amo fei@4著
801  0 @aCN@bAHXH@c20221111
905    @b1362662-6@dB848.6-49@e4342@f5
    
    改了吧, 急性子/墨非著.-北京:中国华侨出版社,2019.06
    259页;24cm
    
    
    ISBN 978-7-5113-7834-7:CNY39.80
    本书通过剖析当下社会人们的心理,分析急性子的产生原因,并阐述急性子的表现,点明急性子对自己、他们乃至社会造成的伤害,今儿敦促人们改掉急性子并就如何改掉急性子,提出了可行性建议,读者通过阅读此书,找到合适自己的调整和控制的方法。
●
相关链接 在E读中查询图书 在五车中查询图书 在当当中查询图书 在豆瓣中查询图书


正题名:改了吧, 急性子     索取号:B848.6-49/4342         预约/预借

序号 登录号 条形码 馆藏地/架位号 状态 备注
1 1362662   213626628   第一样本阅览室/ [索取号:B848.6-49/4342] 在馆    
2 1362663   213626637   教育系资料室/ [索取号:B848.6-49/4342] 在馆    
3 1362664   213626646   教育系资料室/ [索取号:B848.6-49/4342] 在馆    
4 1362665   213626655   第一借阅区/ [索取号:B848.6-49/4342] 在馆    
5 1362666   213626664   第一借阅区/ [索取号:B848.6-49/4342] 在馆    
6 1393777   213937775   第一借阅区/ [索取号:B848.6-49/4342] 在馆    
7 1393778   213937784   第一借阅区/ [索取号:B848.6-49/4342] 在馆    
8 1393779   213937793   第一借阅区/ [索取号:B848.6-49/4342] 在馆    
9 1393780   213937800   第一借阅区/ [索取号:B848.6-49/4342] 在馆    
唐山师范学院图书馆 欢迎您!
大连网信软件有限公司© 版权所有